00000000nam##2200000za#4500
0019.637994
003CaOODSP
00520210624221454
007cr |||||||||||
008150407|2004||||xxc|||||o    f|0| 0 fre|d
040 |aCaOODSP|bfre
043 |an-cn---
0861 |aRH54-23/2004F-PDF
1101 |aCanada.|bRessources humaines et Développement des compétences Canada. |bProgramme du travail.
24510|aGuide de l'utilisateur - SIPREME, version 4.0 |h[ressource électronique]
24617|aGuide de l’utilisateur - Système informatisé de présentation des rapports d’équité en matière d’emploi, version 4.0
260 |aOttawa - Ontario : |bRessources humaines et Développement des compétences Canada. |cc2004.
300 |a88p.|bfigures
500 |a«Ce logiciel peut être utilisé par les employeurs visés par le Programme légiféré d’équité en matière d’emploi (PLEME) et ceux visés par le Programme de contrats fédéraux (PCF).»--Page 8 sur 88.
77508|tUser's guide - EECRS version 4.0 |w(CaOODSP)9.693804
85640|ahttp://publications.gc.ca|qPDF|s1070 Ko|uhttps://publications.gc.ca/collections/collection_2010/rhdcc-hrsdc/RH54-23-2004-fra.pdf